US States With No Coastline Or International Border - Statistics

General Stats
  • This quiz has been taken 95 times
  • The average score is 15 of 17
Answer Stats
Answer % Correct
Tennessee
96%
Colorado
95%
Kansas
95%
Utah
95%
Arkansas
93%
Nebraska
93%
Missouri
92%
South Dakota
92%
West Virginia
92%
Wyoming
92%
Iowa
91%
Kentucky
89%
Nevada
89%
Indiana
85%
Oklahoma
85%
Illinois
76%
Wisconsin
72%
No matching quizzes found
Score Distribution
Percent of People with Each Score
Percentile by Number Answered
Your Score History
You have not taken this quiz